Venoarterial extracorporeal membrane oxygenation for cardiopulmonary support: Insights from a German registry
Saved in:
| Main Authors: | , |
|---|---|
| Format: | Article (Journal) |
| Language: | English |
| Published: |
12 Nov 2018
|
| In: |
Circulation
Year: 2018, Volume: 138, Issue: 20, Pages: 2298-2300 |
| ISSN: | 1524-4539 |
| DOI: | 10.1161/CIRCULATIONAHA.118.036691 |
| Online Access: | Verlag, lizenzpflichtig, Volltext: https://doi.org/10.1161/CIRCULATIONAHA.118.036691 Verlag, lizenzpflichtig, Volltext: https://www.ahajournals.org/doi/10.1161/CIRCULATIONAHA.118.036691 |
| Author Notes: | Peter Moritz Becher, MD, Benedikt Schrage, MD, Christoph R. Sinning, MD, Bastian Schmack, MD, Nina Fluschnik, MD, Michael Schwarzl, MD, PhD, Christoph Waldeyer, MD, Diana Lindner, PhD, Moritz Seiffert, MD, Johannes T. Neumann, MD, Alexander M. Bernhardt, MD, Uwe Zeymer, MD, Holger Thiele, MD, Hermann Reichenspurner, MD, PhD, Stefan Blankenberg, MD, Raphael Twerenbold, MD, and Dirk Westermann, MD |
MARC
| LEADER | 00000caa a2200000 c 4500 | ||
|---|---|---|---|
| 001 | 1691911607 | ||
| 003 | DE-627 | ||
| 005 | 20220818010758.0 | ||
| 007 | cr uuu---uuuuu | ||
| 008 | 200309s2018 xx |||||o 00| ||eng c | ||
| 024 | 7 | |a 10.1161/CIRCULATIONAHA.118.036691 |2 doi | |
| 035 | |a (DE-627)1691911607 | ||
| 035 | |a (DE-599)KXP1691911607 | ||
| 035 | |a (OCoLC)1341309690 | ||
| 040 | |a DE-627 |b ger |c DE-627 |e rda | ||
| 041 | |a eng | ||
| 084 | |a 33 |2 sdnb | ||
| 100 | 1 | |a Becher, Peter Moritz |e VerfasserIn |0 (DE-588)1171498314 |0 (DE-627)1040569080 |0 (DE-576)51376772X |4 aut | |
| 245 | 1 | 0 | |a Venoarterial extracorporeal membrane oxygenation for cardiopulmonary support |b Insights from a German registry |c Peter Moritz Becher, MD, Benedikt Schrage, MD, Christoph R. Sinning, MD, Bastian Schmack, MD, Nina Fluschnik, MD, Michael Schwarzl, MD, PhD, Christoph Waldeyer, MD, Diana Lindner, PhD, Moritz Seiffert, MD, Johannes T. Neumann, MD, Alexander M. Bernhardt, MD, Uwe Zeymer, MD, Holger Thiele, MD, Hermann Reichenspurner, MD, PhD, Stefan Blankenberg, MD, Raphael Twerenbold, MD, and Dirk Westermann, MD |
| 264 | 1 | |c 12 Nov 2018 | |
| 300 | |a 3 | ||
| 336 | |a Text |b txt |2 rdacontent | ||
| 337 | |a Computermedien |b c |2 rdamedia | ||
| 338 | |a Online-Ressource |b cr |2 rdacarrier | ||
| 500 | |a Gesehen am 09.03.2020 | ||
| 700 | 1 | |a Schmack, Bastian |d 1981- |e VerfasserIn |0 (DE-588)142852961 |0 (DE-627)640546293 |0 (DE-576)333714067 |4 aut | |
| 773 | 0 | 8 | |i Enthalten in |t Circulation |d Philadelphia, Pa. : Lippincott, Williams & Wilkins, 1950 |g 138(2018), 20, Seite 2298-2300 |h Online-Ressource |w (DE-627)265784670 |w (DE-600)1466401-X |w (DE-576)074891189 |x 1524-4539 |7 nnas |a Venoarterial extracorporeal membrane oxygenation for cardiopulmonary support Insights from a German registry |
| 773 | 1 | 8 | |g volume:138 |g year:2018 |g number:20 |g pages:2298-2300 |g extent:3 |a Venoarterial extracorporeal membrane oxygenation for cardiopulmonary support Insights from a German registry |
| 856 | 4 | 0 | |u https://doi.org/10.1161/CIRCULATIONAHA.118.036691 |x Verlag |x Resolving-System |z lizenzpflichtig |3 Volltext |
| 856 | 4 | 0 | |u https://www.ahajournals.org/doi/10.1161/CIRCULATIONAHA.118.036691 |x Verlag |z lizenzpflichtig |3 Volltext |
| 951 | |a AR | ||
| 992 | |a 20200309 | ||
| 993 | |a Article | ||
| 994 | |a 2018 | ||
| 998 | |g 142852961 |a Schmack, Bastian |m 142852961:Schmack, Bastian |d 910000 |d 910200 |e 910000PS142852961 |e 910200PS142852961 |k 0/910000/ |k 1/910000/910200/ |p 4 | ||
| 999 | |a KXP-PPN1691911607 |e 3605343759 | ||
| BIB | |a Y | ||
| SER | |a newspaper | ||
| JSO | |a {"id":{"eki":["1691911607"],"doi":["10.1161/CIRCULATIONAHA.118.036691"]},"language":["eng"],"name":{"displayForm":["Peter Moritz Becher, MD, Benedikt Schrage, MD, Christoph R. Sinning, MD, Bastian Schmack, MD, Nina Fluschnik, MD, Michael Schwarzl, MD, PhD, Christoph Waldeyer, MD, Diana Lindner, PhD, Moritz Seiffert, MD, Johannes T. Neumann, MD, Alexander M. Bernhardt, MD, Uwe Zeymer, MD, Holger Thiele, MD, Hermann Reichenspurner, MD, PhD, Stefan Blankenberg, MD, Raphael Twerenbold, MD, and Dirk Westermann, MD"]},"physDesc":[{"extent":"3 S."}],"type":{"bibl":"article-newspaper","media":"Online-Ressource"},"person":[{"display":"Becher, Peter Moritz","given":"Peter Moritz","family":"Becher","role":"aut"},{"family":"Schmack","given":"Bastian","display":"Schmack, Bastian","role":"aut"}],"note":["Gesehen am 09.03.2020"],"origin":[{"dateIssuedKey":"2018","dateIssuedDisp":"12 Nov 2018"}],"recId":"1691911607","title":[{"title":"Venoarterial extracorporeal membrane oxygenation for cardiopulmonary support","title_sort":"Venoarterial extracorporeal membrane oxygenation for cardiopulmonary support","subtitle":"Insights from a German registry"}],"relHost":[{"disp":"Venoarterial extracorporeal membrane oxygenation for cardiopulmonary support Insights from a German registryCirculation","type":{"bibl":"newspaper","media":"Online-Ressource"},"corporate":[{"display":"American Heart Association","role":"isb"}],"language":["eng"],"id":{"eki":["265784670"],"zdb":["1466401-X"],"issn":["1524-4539"]},"part":{"extent":"3","volume":"138","issue":"20","year":"2018","text":"138(2018), 20, Seite 2298-2300","pages":"2298-2300"},"pubHistory":["1.1950 -"],"origin":[{"dateIssuedDisp":"1950-","publisherPlace":"Philadelphia, Pa. ; [Erscheinungsort nicht ermittelbar]","dateIssuedKey":"1950","publisher":"Lippincott, Williams & Wilkins ; Ovid"}],"note":["Gesehen am 10.10.2025"],"physDesc":[{"extent":"Online-Ressource"}],"title":[{"title_sort":"Circulation","subtitle":"an official journal of the American Heart Association","title":"Circulation"}],"recId":"265784670"}]} | ||
| SRT | |a BECHERPETEVENOARTERI1220 | ||